Statistics for Diasporic Countries #2

Click here to take the quiz!

General Stats

  • This quiz has been taken 10 times
  • The average score is 5 of 6

Answer Stats

Answer% Correct
Christianity
100%
Islam
90%
Hinduism
70%
Judaism
70%
Buddhism
60%
Sikhism
60%

Score Distribution

Percentile by Number Answered

Percent of People with Each Score

Your Score History

You have not taken this quiz